[Event "Sicilia Regional-ch"]
[Site "Marsala"]
[Date "2011.06.01"]
[Round "1"]
[White "Schembri, Roberto"]
[Black "Melograni, Francesco"]
[Result "0-1"]
[WhiteElo "1527"]
[BlackElo "1862"]
[PlyCount "54"]
[EventDate "2011.06.01"]
[EventType "swiss"]
[EventRounds "7"]
[EventCountry "ITA"]
[SourceTitle "EXT 2023"]
[Source "ChessBase"]
[SourceDate "2022.10.05"]
[SourceVersion "1"]
[SourceVersionDate "2022.10.05"]
[SourceQuality "1"]

1. d4 f5 2. Bg5 Nf6 3. Nc3 e6 4. f3 Be7 5. e4 fxe4 6. fxe4 0-0 7. Nf3 b6 8. Bd3 Bb7 9. 0-0 c5 10. Qe2 cxd4 11. Nxd4 Bc5 12. Be3 Nc6 13. Nxc6 Bxc6 14. e5 Bxe3+ 15. Qxe3 Ng4 16. Qh3 Nh6 17. g4 Qg5 18. Be4 Bxe4 19. Nxe4 Qxg4+ 20. Qxg4 Nxg4 21. Rfe1 Nxe5 22. Rad1 Nf3+ 23. Kf2 Nxe1+ 24. Kxe1 d5 25. Ng5 h6 26. Nh3 Rf5 27. Ke2 Raf8 0-1